| 000 | 00732nam a2200193 i 4500 | ||
|---|---|---|---|
| 001 | 161723 | ||
| 003 | ES-MaACL | ||
| 005 | 20240522063057.0 | ||
| 008 | 951123s1876 sp |||| | spa d | ||
| 100 | 1 |
_aPereda, José María de, _d1833-1906 _990447 |
|
| 245 | 1 | 0 |
_aBocetos al temple / _cpor José María de Pereda. |
| 260 |
_aMadrid : _b[s.n.], _c1876 ( _fImp. de J.M. Pérez) |
||
| 300 |
_a452 p. ; _c19 cm. |
||
| 505 | 8 | _aContiene: La mujer del César ; Los hombres de pró ; Oros son triunfos | |
| 530 | _aDisponible en formato digital. | ||
| 852 |
_aES-MaACL _jC-3033 _z- Enc. hol. |
||
| 856 |
_uhttp://bdh-rd.bne.es/viewer.vm?id=0000147682&page=1 _zBiblioteca Digital Hispánica |
||
| 999 |
_c161723 _d161723 |
||